|
|
|
|
| LEADER |
00000naa2a2200000 4500 |
| 001 |
207872 |
| 005 |
20260203143106.0 |
| 035 |
|
|
|a (RuTPU)RU\TPU\book\226866
|
| 035 |
|
|
|a RU\TPU\book\226854
|
| 090 |
|
|
|a 207872
|
| 100 |
|
|
|a 20120130d2010 k y0rusy50 ca
|
| 101 |
0 |
|
|a rus
|
| 102 |
|
|
|a RU
|
| 135 |
|
|
|a drnn ---uucaa
|
| 181 |
|
0 |
|a i
|
| 182 |
|
0 |
|a b
|
| 200 |
1 |
|
|a Разработка технологии совместного извлечения урана, золота и редкоземельных металлов из комплексных руд
|f П. Б. Молоков, А. С. Буйновский, Ю. Н. Макасеев, Д. Р. Арутюнян
|
| 203 |
|
|
|a Текст
|c электронный
|
| 215 |
|
|
|a 1 файл (396 Кб)
|
| 300 |
|
|
|a Заглавие с экрана.
|
| 300 |
|
|
|a Электронная версия печатной публикации
|
| 337 |
|
|
|a Adobe Reader
|
| 463 |
|
1 |
|0 (RuTPU)RU\TPU\book\224752
|t Ядерная энергетика: технология, безопасность, экология, экономика, управление
|o сборник научных трудов I Всероссийской научно-практической конференции молодых атомщиков Сибири, Томск, 19-25 сентября 2010 г.
|f Национальный исследовательский Томский политехнический университет (ТПУ)
|v [С. 221-222]
|d 2010
|
| 610 |
1 |
|
|a руды
|
| 610 |
1 |
|
|a комплексные руды
|
| 610 |
1 |
|
|a золото
|
| 610 |
1 |
|
|a редкоземельные металлы
|
| 610 |
1 |
|
|a извлечение
|
| 610 |
1 |
|
|a уран
|
| 610 |
1 |
|
|a электронный ресурс
|
| 701 |
|
1 |
|a Молоков
|b П. Б.
|
| 701 |
|
1 |
|a Буйновский
|b А. С.
|c химик
|c профессор Томского политехнического университета
|f 1940-
|g Александр Сергеевич
|3 (RuTPU)RU\TPU\pers\21950
|
| 701 |
|
1 |
|a Макасеев
|b Ю. Н.
|
| 701 |
|
1 |
|a Арутюнян
|b Д. Р.
|
| 801 |
|
1 |
|a RU
|b 63413507
|c 20120113
|
| 801 |
|
2 |
|a RU
|b 63413507
|c 20230201
|g RCR
|
| 856 |
4 |
|
|u http://www.lib.tpu.ru/fulltext/v/Conferences/2010/K03/03106.pdf
|
| 942 |
|
|
|c CF
|